Nennen Sie die 25 größten Städte/Gemeinden der Schweiz nach Einwohnerz - Statistiken

Allgemein
  • Dieses Quiz wurde 80 mal gespielt
  • Das Durchschnittsergebnis liegt bei 11 aus 25
Antwortstatistiken
Hint Antwort % Korrekt
421 870 Zürich
100%
173 863 Basel
92%
134 794 Bern
89%
82 620 Luzern
76%
76 213 St Gallen
73%
114 220 Winterthur
71%
140 202 Lausanne
70%
62 315 Lugano
60%
36 336 Chur
49%
43 476 Thun
48%
55 206 Biel
46%
43 360 Bellinzona
44%
38 039 Freiburg
44%
36 952 Schaffhausen
41%
30 934 Zug
40%
33 455 Neuenburg
35%
34 978 Sitten
29%
35 337 Uster
22%
31 039 Emmen
17%
36 915 La Chaux-de-Fonds
17%
42 388 Köniz
16%
33 989 Lancy
10%
34 898 Vernier
10%
203 850 Genf Genève
6%
29955 Yverdon-les-Bains
6%
Keine übereinstimmenden Quizze gefunden
Verteilung der Resultate
Anzahl Personen mit jedem Resultat
Perzentil nach korrekt beantworteten Fragen
Ihre Resultats-Entwicklung
Sie haben dieses Quiz noch nicht gespielt